000
00200 a2200097 4500
001
23439
100
_a
Scroggie, M G
245
_a
Phasor diagrams
260
_a
_b
Iliffe
_c
1966
090
_c
15832
_d
15832
942
_a
NUST-CAE
_c
M
_c
6483
999
_c
258512
_d
258512